Stati del Mondo - Quiz con mappa - Statistics

Statistiche generali
  • Questo quiz è stato fatto 566 volte
  • Il punteggio medio è 56 su 196
Risposte nella Mappa
Le risposte nella mappa del quiz sottostante sono codificate secondo una scala di colori dal rosso al verde in base alla % di persone che hanno risposto correttamente.
 
Statistiche sulle risposte
Risposta % Corretto
Canada
80%
Stati Uniti
70%
Messico
68%
Argentina
51%
Brasile
50%
Cile
47%
Italia
47%
Francia
46%
Spagna
45%
Andorra
44%
Belgio
44%
Germania
44%
Portogallo
44%
Australia
43%
Cina
43%
Danimarca
43%
Irlanda
43%
Albania
42%
Austria
42%
Egitto
42%
Regno Unito
42%
Algeria
41%
Bielorussia
41%
Cuba
41%
Finlandia
41%
Islanda
41%
Russia
40%
Corea del Sud
39%
Arabia Saudita
38%
Città del Vaticano
38%
Giappone
38%
Grecia
38%
Malta
38%
Marocco
38%
Norvegia
38%
Paesi Bassi
38%
Svizzera
38%
Corea del Nord
37%
Croazia
37%
India
37%
Svezia
37%
Belize
36%
Bolivia
36%
Bulgaria
36%
Monaco
36%
Panama
36%
Peru
36%
Polonia
36%
San Marino
36%
Bosnia-Erzegovina
35%
Cipro
35%
Colombia
35%
Ecuador
35%
Lituania
35%
Lussemburgo
35%
Ucraina
35%
Afghanistan
34%
Bahamas
34%
Estonia
34%
Filippine
33%
Indonesia
33%
Lettonia
33%
Libia
33%
Madagascar
33%
Mongolia
33%
Paraguay
33%
SudAfrica
33%
Tunisia
33%
Turchia
33%
Uruguay
33%
Liechtenstein
32%
Capo Verde
31%
Emirati Arabi Uniti
31%
Giamaica
31%
Haiti
31%
Israele
31%
Moldavia
31%
Nuova Zelanda
31%
Rep.Ceca
31%
Slovenia
31%
Venezuela
31%
Armenia
30%
Romania
30%
Slovacchia
30%
Angola
29%
Cambogia
29%
El Salvador
29%
Iran
29%
Kosovo
29%
Macedonia del Nord
29%
Serbia
29%
Ungheria
29%
Ciad
28%
Costa Rica
28%
Etiopia
28%
Guatemala
28%
Kazakistan
28%
Oman
28%
Sri Lanka
28%
Suriname
28%
Taiwan
28%
Eritrea
27%
Libano
27%
Montenegro
27%
Nepal
27%
Sudan
27%
Sud Sudan
27%
Azerbaijan
26%
Bangladesh
26%
Burkina Faso
26%
Guyana
26%
Iraq
26%
Laos
26%
Lesotho
26%
Pakistan
26%
Rep. Dominicana
26%
Somalia
26%
Vietnam
26%
Bhutan
25%
Botswana
25%
Camerun
25%
Costa d'Avorio
25%
Giordania
25%
Kenia
25%
Kuait
25%
Papua Nuova Guinea
25%
Thailandia
25%
Eswatini
24%
Honduras
24%
Malaysia
24%
Mali
24%
Yemen
24%
Benin
23%
Comore
23%
Georgia
23%
Maldive
23%
Mauritania
23%
Myanmar
23%
Namibia
23%
Nigeria
23%
Qatar
23%
Rep. Centrafricana
23%
Rep. del Congo
23%
Timor Est
23%
Bahrein
22%
Gibuti
22%
Nicaragua
22%
Niger
22%
Sao Tomé e Principe
22%
Seychelles
22%
Gabon
21%
Guinea Equatoriale
21%
Liberia
21%
Malawi
21%
Mauritius
21%
Mozambico
21%
Rep. Dem. del Congo
21%
Senegal
21%
Singapore
21%
Siria
21%
Tanzania
21%
Burundi
20%
Ghana
20%
Tagikistan
20%
Togo
20%
Brunei
19%
Gambia
19%
Kirgizistan
19%
Uganda
19%
Uzbekistan
19%
Guinea
18%
Ruanda
18%
Trinidad e Tobago
18%
Kiribati
17%
Turkmenistan
17%
Zambia
17%
Zimbabwe
17%
Guinea-Bissau
16%
Micronesia
16%
Sierra Leone
16%
Palau
14%
Figi
12%
Marshall
12%
Grenada
11%
Salomone
11%
Antigua e Barbuda
10%
Nauru
10%
Barbados
9%
Dominica
9%
Saint Lucia
9%
Saint Vincent e Grenadines
9%
Samoa
9%
Vanuatu
9%
Saint Kitts e Nevis
8%
Tonga
8%
Tuvalu
8%
Nessun quiz corrispondente trovato
Distribuzione punteggi
Percentuale di utenti per punteggio
Percentile per numero di risposta
I tuoi punteggi nel tempo
Non hai fatto questo quiz